Представление документа в формате RUSMARC

ПолеНазваниеЗначение
  Тип записи a
  Библиографический уровень a
001 Контрольный номер RU/CBS_UL/BASE/9ccf36b96a644dd3b86d35fbaede8724
005 Дата корректировки 20231103145934.7
100 Данные общей обработки __
a Данные общей обработки 20231103 ||| 0rusy0189 ca
101 Язык документа 0_
a Язык текста rus
102 Страна публикации __
a Страна публикации RU
200 Заглавие и сведения об ответственности 1_
a Заглавие Ядерная дубинка Берии
e Сведения, относящиеся к заглавию [всесильный нарком шантажировал конкурентов за власть]
f Первые сведения об ответственности Д. Митюрин
300 Общие примечания __
a Общие примечания 16+
461 Уровень набора _0
1 2000
a Загадки истории
463 Уровень физической единицы _0
1 2000
a № 37
v С. 20-22
1 2101
d 2023
1 001RU/CBS_UL/BASE/9d7329d7ce22471eb7fa5002d760f48f
600 Персоналии _1
a Персоналии (Фамилия) Берия
b Персоналии (Имя, инициалы) Л.П.
606 Тематические рубрики 0_
a Основная рубрика Берия, Лаврентий Павлович (1899-1953)
610 Ключевые слова 0_
a Ключевые слова партийные деятели
610 Ключевые слова 0_
a Ключевые слова политические деятели
610 Ключевые слова 0_
a Ключевые слова политики
610 Ключевые слова 0_
a Ключевые слова советские руководители
686 Индексы других классификаций __
a Классификационный индекс 63.3(2)6
700 Автор _1
a Фамилия Митюрин
b Имя (инициалы) Д.
801 Источник записи _0
a Страна RU
b Организация МБУК ЦБС г. Ульяновска
c Дата составления 20231103
g Правила каталогизации RCR
801 Источник записи _1
a Страна RU
b Организация МБУК ЦБС г. Ульяновска
c Дата составления 20231103
g Правила каталогизации RCR
901 Тип документа __
t Тип документа b
w Контрольный № источника RU/CBS_UL/BASE/9d7329d7ce22471eb7fa5002d760f48f